000
00287nam a22001217a 4500
008
211124b ||||| |||| 00| 0 eng d
020
_a
9789352804658
050
_a
954.031
_b
1
245
_a
Claming India
260
_a
New Delhi
_b
SAGE Publication
_c
2018
300
_a
1
942
_2
ddc
_c
BK
999
_c
11907
_d
11907